000 00714nam a2200241 i 4500
001 C2-0302392
003 PPAK
005 20180728083434.0
008 100125s1940 flu |||| ||||| | eng d
020 _a9780757300547
040 _aPPAK
_beng
_cPPAK
_erda
082 0 4 _a305.4
_223
090 0 0 _a305.4
_bWIL
_dLCK
100 1 _aWilliams, Pat.,
_eauthor
245 1 0 _aHow to be like women of influencs :
_blife lessons from 20 of the greatest.
264 1 _aFlorida :
_bHealth Communications, Inc ,
_c1940
300 _axviii, 358 pages ;
_c21 cm
336 _2rdacontent
_atext
337 _2rdamedia
_aunmediated
338 _2rdacarrier
_avolume
650 1 0 _aWomen- life skills guides.
942 _ddc
_cB
999 _c106040
_d106040